书目信息 |
| 题名: |
热分析仪器
|
|
| 作者: | 刘振海 , 徐国华 , 张洪林 , 刘振海 , 徐国华 , 张洪林 编著 | |
| 分册: | ||
| 出版信息: | 北京 化学工业出版社 2006 |
|
| 页数: | 234页 | |
| 开本: | 25cm | |
| 丛书名: | 分析仪器使用与维修丛书 | |
| 单 册: | ||
| 中图分类: | TH831 | |
| 科图分类: | ||
| 主题词: | 热分析仪器 | |
| 电子资源: | ||
| ISBN: | 7-5025-8046-8 | |
| 000 | 01118oam2 2200313 450 | |
| 001 | 012007114699 | |
| 005 | 20070522171350.87 | |
| 010 | @a7-5025-8046-8@b精装@dCNY38.00 | |
| 100 | @a20070509d2006 km y0chiy0120 ea | |
| 101 | 0 | @achi |
| 102 | @aCN@b110000 | |
| 105 | @aa z 000yy | |
| 106 | @ar | |
| 200 | 1 | @a热分析仪器@Are fen xi yi qi@f刘振海,徐国华,张洪林编著@Fliu zhen hai,xu guo hua,zhang hong lin bian zhu |
| 210 | @a北京@c化学工业出版社@d2006 | |
| 215 | @a234页@c图@d25cm | |
| 225 | 2 | @a分析仪器使用与维修丛书 |
| 330 | @a本书系统介绍了各类热分析与量热仪的原理、基本结构、元件和单元;各类热分析与量热仪及标志仪器性能的各项指标,表征实验数据质量的各项参数等内容。 | |
| 461 | 0 | @12001 @a分析仪器使用与维修丛书 |
| 606 | 0 | @a热分析仪器 |
| 690 | @aTH831@v4 | |
| 701 | 0 | @a刘振海@Aliu zhen hai@f(1936.6~)@4编著 |
| 701 | 0 | @a徐国华@Axu guo hua@f(1935~)@4编著 |
| 701 | 0 | @a张洪林@Azhang hong lin@f(1935~)@4编著 |
| 701 | 0 | @a刘振海@Aliu zhen hai@4编著 |
| 701 | 0 | @a徐国华@Axu guo hua@4编著 |
| 701 | 0 | @a张洪林@Azhang hong lin@4编著 |
| 801 | 0 | @aCN@bRULIN@c20070522 |
| 905 | @dTH831@e18@s8 | |
| 热分析仪器/刘振海,徐国华,张洪林编著.-北京:化学工业出版社,2006 |
| 234页:图;25cm.-(分析仪器使用与维修丛书) |
| ISBN 7-5025-8046-8(精装):CNY38.00 |
| 本书系统介绍了各类热分析与量热仪的原理、基本结构、元件和单元;各类热分析与量热仪及标志仪器性能的各项指标,表征实验数据质量的各项参数等内容。 |
| ● |
| 相关链接 |
|
|
|
|
正题名:热分析仪器
索取号:TH831/18
 
预约/预借
| 序号 | 登录号 | 条形码 | 馆藏地/架位号 | 状态 | 备注 |
| 1 | 0573663 | 205736630 | 第二样本阅览室/ [索取号:TH831/18] | 在馆 | |
| 2 | 0573664 | 205736649 | 密集书库/ [索取号:TH831/18] | 在馆 | |
| 3 | 0573665 | 205736658 | 密集书库/ [索取号:TH831/18] | 在馆 | |
| 4 | 0573666 | 205736667 | 密集书库/ [索取号:TH831/18] | 在馆 | |
| 5 | 0573667 | 205736676 | 密集书库/ [索取号:TH831/18] | 在馆 | |
| 6 | 0573668 | 205736685 | 第三借阅区/ [索取号:TH831/18] | 在馆 | |
| 7 | 0573669 | 205736694 | 第三借阅区/ [索取号:TH831/18] | 在馆 | |
| 8 | 0573670 | 205736701 | 第三借阅区/ [索取号:TH831/18] | 在馆 |